Normal view
MARC view
Entry Topical Term
001 - CONTROL NUMBER
- control field: 237961
003 - CONTROL NUMBER IDENTIFIER
- control field: OSt
005 - DATE AND TIME OF LATEST TRANSACTION
- control field: 20250830094300.0
008 - FIXED-LENGTH DATA ELEMENTS
- fixed length control field: 250830|| aca||aabn | a|a d
040 ## - CATALOGING SOURCE
- Original cataloging agency: OSt
- Transcribing agency: OSt
150 ## - HEADING--TOPICAL TERM
- Topical term or geographic name entry element: Kannada Drama Criticism
670 ## - SOURCE DATA FOUND
- Source citation: Work cat.: (OSt)105238: SIDDALINGA PATTANASHETTI. ಸಿದ್ದಲಿಂಗ ಪಟ್ಟಣಶೆಟ್ಟಿ 237955, Rangayana: rangabhumi-nataka-sahitya kuritu vimarsha lekanagalu., 1995